Retrieving the lost paradise celebrating the earth day : (Record no. 5631)

MARC details
000 -LEADER
fixed length control field 00607 a2200157 4500
010 ## - LCCN (DPL NO)
LC control number ENG-86953
020 ## - INTERNATIONAL STANDARD BOOK NUMBER
International Standard Book Number 8172111908
Terms of availability 300.00
035 ## - SYSTEM CONTROL NUMBER
System control number EN-70486
037 ## - SOURCE OF ACQUISITION
Source of stock number/acquisition DBAD / PUB
082 14 - DEWEY DECIMAL CLASSIFICATION NUMBER
Classification number 333.72
245 ## - TITLE STATEMENT
Title Retrieving the lost paradise celebrating the earth day :
Statement of responsibility, etc ed.by Ravi Sundaram
Remainder of title a livable earth is a basic human right and steps should be taken to create one for posterity /
260 ## - PUBLICATION, DISTRIBUTION, ETC. (IMPRINT)
Place of publication, distribution, etc New Delhi
Name of publisher, distributor, etc Northern Book Centre
Date of publication, distribution, etc 2005
270 ## - ADDRESS
Address 4221/1, Ansari Road, Daryaganj,
City New Delhi
Postal code 110 002
300 ## - PHYSICAL DESCRIPTION
Extent xvi, 72p.
Dimensions 25cm (Hb)
Other physical details ill.
942 ## - ADDED ENTRY ELEMENTS (KOHA)
Institution code [OBSOLETE] dpl
Item type English Books
Source of classification or shelving scheme Dewey Decimal Classification
Classification part 333.72
Call number suffix RET
Holdings
Withdrawn status Lost status Not for loan Collection code Home library Current library Source of acquisition Cost, normal purchase price Full call number Barcode Copy number Cost, replacement price Koha item type
    Not For Loan Non-fiction D.B.Act.Division D.B.Act.Division DBAD/PUB 300.00 333.72 RET EN-70486 1 300.00 English Books

© Delhi Public Library
Hit Counter
free hit counter